00757 2200229 4500001002100000005001500021035002000036007000300056008004100059100001900100245008300119250001100202260004500213300003800258650000800296700001800304700001700322020002200339082000800361084001400369520014400383INLIS00000000000000220220325092025 a0010-0322000002ta220325 b 0 0 aMomon Sulaeman1 aBuku Ringkasan Materi dan Latihan BRILIAN IPA SD/MI Kelas VI /cMomon Sulaeman aRevisi aBandung :bGrafindo Media Pratama,c2021 a160 halaman :bilustrasi ;c25 cm 4aIPA0 aAsmaul Husnah0 aIshak Wijono a978-602-01-2610-4 a500 a500 MOM b aBRILIAN Ilmu Pengetahuan Alam 6 untuk SD/MI Kelas VI disusun berdasarkan kompetensi inti dan Kompetensi Dasar Kurikulum 2013 (Edisi Revisi)